Marvel/DC Characters with the Most AURA by Letter - Statistics

General Stats
  • This quiz has been taken 18 times
  • The average score is 25 of 78
Answer Stats
Hint Answer % Correct
Ant-Man
71%
Letter ‘H’: Hulk
71%
Spider-Man
71%
Letter ‘T’: Thor
71%
Letter ‘B’: Batman
64%
Letter ‘C’: Captain America
64%
Letter ‘D’: Dr Strange
64%
Human Torch
64%
Letter ‘S’: Superman
64%
Thanos
64%
Letter ‘W’: Wolverine
64%
Wonder Woman
64%
Black Panther
57%
Letter ‘I’: Iron Man
57%
Letter ‘J’: Joker
57%
Vision
57%
Letter ‘A’: Aquaman
50%
Captain Marvel
50%
Daredevil
50%
Invisible Woman
50%
Letter ‘L’: Loki
50%
Magneto
50%
The Thing
50%
Letter ‘U’: Ultron
50%
Winter Soldier
50%
Falcon
43%
Letter ‘F’: Flash
43%
Ghost Rider
43%
Letter ‘G’: Green Lantern
43%
Hawkeye
43%
Silver Surfer
43%
Cyborg
36%
Deadpool
36%
Galactus
36%
Lex Luthor
36%
Letter ‘O’: Odin
36%
Letter ‘X’: Professor X
36%
Letter ‘P’: Punisher
36%
Nebula
29%
Letter ‘Q’: Quicksilver
29%
Robin
29%
Rocket Racoon
29%
Letter ‘V’: Venom
29%
Letter ‘E’: Electro
21%
Ice Man
21%
Juggernaut
21%
Kang the Conqueror
21%
Letter ‘K’: Killmonger
21%
Letter ‘N’: Night Crawler
21%
Penguin
21%
Phoenix
21%
Victor Von Doom
21%
Ancient One
14%
Letter ‘Z’: General Zod
14%
Kingpin
14%
Letter ‘M’: Moon Knight
14%
Nick Fury
14%
Letter ‘Y’: Yondu
14%
Zoom
14%
Black Adam
7%
Ebony Maw
7%
Ego the Living Planet
7%
Jane Foster (Mighty Thor)
7%
Martian Man Hunter
7%
X-23
7%
Yellow Jacket
7%
Zeus
7%
Firehawk
0%
Lizard
0%
Obsidian
0%
Okoye
0%
Quantum
0%
Quentin Beck
0%
Letter ‘R’: Ronan
0%
Ultra Boy
0%
Union Jack
0%
Xu Xialing
0%
Yelena Balova
0%
No matching quizzes found
Score Distribution
Percent of People with Each Score
Percentile by Number Answered
Your Score History
You have not taken this quiz